000 00697cam a22002053a 4500
001 44335
003 PGUSA
005 20140828084019.0
008 131201s2013||||xxu|||||s|||||000 | eng d
040 _aPGUSA
_beng
042 _adc
100 1 _aPegge, Samuel,
_d1704-1796
245 1 0 _aCurialia Miscellanea, or Anecdotes of Old Times; Regal, Noble, Gentilitial, and Miscellaneous :
_bIncluding Authentic Anecdotes of The Royal Household
_h[electronic resource] /
_cSamuel Pegge
260 _bProject Gutenberg,
_c2013
506 _aPublic domain in the USA.
516 _aElectronic text
830 0 _aProject Gutenberg
_v44335
856 4 0 _uhttp://www.gutenberg.org/ebooks/44335
942 _cEB
999 _c273586
_d273586